000 00936nam a2200217 i 4500
001 30596
003 ES-MaACL
005 20251003063044.0
007 t|
008 030127s1955 dr |||| | spa d
100 1 _aBeltrán de Heredia, Vicente,
_d1885-1973
_927359
245 1 3 _aLa autenticidad de la Bula "In apostolatus culmine", base de la Universidad de Santo Domingo, puesta fuera de discusión /
_cVicente Beltrán de Heredia.
260 _aCiudad Trujillo :
_bUniversidad de Santo Domingo,
_c[1955]
300 _a56 p., 2 h. de lám. ;
_c22 cm.
490 1 _aPublicaciones de la Universidad de Santo Domingo, serie 9 ;
_v99, n. 3
610 2 4 _aUniversidad de Santo Domingo-
_vHistoria-
_vFuentes.
_9169322
710 2 _aUniversidad de Santo Domingo.
_97299
830 1 _aPublicaciones de la Universidad de Santo Domingo, serie 9 ;
_v99, n. 3
_9229343
852 _aES-MaACL
_j1994-F-14
999 _c30596
_d30596